Poème - Demain, dès l'aube..., Victor HUGO - Statistiques

Statistiques générales
  • Ce quiz a été pris 15 fois
  • Le résultat moyen est 6 sur 12
Statistiques - réponses
Demain, dès l'aube ... % Correct
Demain, dès l’aube, à l’heure où blanchit la campagne,
92%
Je partirai. Vois-tu, je sais que tu m’attends.
75%
Je ne puis demeurer loin de toi plus longtemps.
67%
J’irai par la forêt, j’irai par la montagne.
67%
Et quand j’arriverai, je mettrai sur ta tombe
50%
Un bouquet de houx vert et de bruyère en fleur.
50%
Je ne regarderai ni l’or du soir qui tombe,
42%
Ni les voiles au loin descendant vers Harfleur,
42%
Je marcherai les yeux fixés sur mes pensées,
33%
Sans rien voir au dehors, sans entendre aucun bruit,
33%
Seul, inconnu, le dos courbé, les mains croisées,
25%
Triste, et le jour pour moi sera comme la nuit.
25%
Aucun quiz correspondant
Distribution des résultats
% des personnes avec chaque résultat
Percentile par nombre de réponses
Votre historique - résultats
Vous n’avez pas pris ce quiz